000 00359nam a2200133Ia 4500
008 230511s2012 xx 000 0 und d
041 _aeng
082 _a346.0436
100 _aRatawade Rajaram S
245 _aDrafting Pleading and Conveyancing
260 _aPune
_bHind Law House
_c2012
300 _a1659
906 _aDrafting - Conveyancing - Pleadings
999 _c349642
_d349642